BabyTalk (Record no. 189317)

MARC details
000 -LEADER
fixed length control field 00854nam a2200289 i 4500
005 - DATE AND TIME OF LATEST TRANSACTION
control field 20221129143746.0
008 - FIXED-LENGTH DATA ELEMENTS--GENERAL INFORMATION
fixed length control field 221004c20229999my mr ||| 00| a0may d
020 ## - INTERNATIONAL STANDARD BOOK NUMBER
International Standard Book Number 9772231924004
Terms of availability paperback
Qualifying information RM6.00
022 ## - INTERNATIONAL STANDARD SERIAL NUMBER
International Standard Serial Number 2231-9247
040 ## - CATALOGING SOURCE
Original cataloging agency PPAK
Language of cataloging eng
Transcribing agency PPAK
Description conventions rda
041 ## - LANGUAGE CODE
Language code of text/sound track or separate title may
082 04 - DEWEY DECIMAL CLASSIFICATION NUMBER
Edition number 23
Classification number 649.1
090 00 - LOCALLY ASSIGNED LC-TYPE CALL NUMBER (OCLC); LOCAL CALL NUMBER (RLIN)
Classification number (OCLC) (R) ; Classification number, CALL (RLIN) (NR) 649.1
Local cutter number (OCLC) ; Book number/undivided call number, CALL (RLIN) BAB
Feature heading G
245 00 - TITLE STATEMENT
Title BabyTalk
264 #1 - PRODUCTION, PUBLICATION, DISTRIBUTION, MANUFACTURE, AND COPYRIGHT NOTICE
Place of production, publication, distribution, manufacture Kuala Lumpur :
Name of producer, publisher, distributor, manufacturer AcePremier.com Sdn Bhd ,
Date of production, publication, distribution, manufacture, or copyright notice [2022]
300 ## - PHYSICAL DESCRIPTION
Extent volume :
Other physical details colour photograph ;
Dimensions 30 cm.
310 ## - CURRENT PUBLICATION FREQUENCY
Current publication frequency Monthly
336 ## - CONTENT TYPE
Source rdacontent
Content type term text
-- still images
337 ## - MEDIA TYPE
Source rdamedia
Media type term unmediated
338 ## - CARRIER TYPE
Source rdacarrier
Carrier type term volume
500 ## - GENERAL NOTE
General note BabyTalk SEPTEMBER 2022
650 20 - SUBJECT ADDED ENTRY--TOPICAL TERM
Topical term or geographic name entry element Child rearing
Form subdivision Periodicals
Topical term or geographic name entry element Parenting
Form subdivision Periodicals
Topical term or geographic name entry element Parenting and child
Form subdivision Periodicals
850 ## - HOLDING INSTITUTION
Holding institution PPAK
Field link and sequence number (SEPTEMBER 2022)-
942 ## - ADDED ENTRY ELEMENTS (KOHA)
Source of classification or shelving scheme Dewey Decimal Classification
Koha item type Serial
Holdings
Withdrawn status Lost status Source of classification or shelving scheme Damaged status Not for loan Home library Current library Shelving location Date acquired Source of acquisition Cost, normal purchase price Serial Enumeration / chronology Total Checkouts Full call number Barcode Date last seen Cost, replacement price Price effective from Koha item type
    Dewey Decimal Classification   Not For Loan Perpustakaan Alor Setar Perpustakaan Alor Setar R 24/03/2025 Syarikat Mohamed Farook 6.00 March 2025   R 649.1 BAB A00631230 24/03/2025 6.00 24/03/2025 Serial
    Dewey Decimal Classification   Not For Loan Perpustakaan Alor Setar Perpustakaan Alor Setar R 05/11/2025 Syarikat Mohamed Farook 6.00 September 2025   R 649.1 BAB A00631836 05/11/2025 6.00 05/11/2025 Serial
    Dewey Decimal Classification     Perpustakaan Alor Setar Perpustakaan Alor Setar G 05/11/2025 Syarikat Mohamed Farook 6.00 September 2025   649.1 BAB A00631837 05/11/2025 6.00 05/11/2025 Serial
    Dewey Decimal Classification     Perpustakaan Alor Setar Perpustakaan Alor Setar G 05/11/2025 Syarikat Mohamed Farook 6.00 September 2025   649.1 BAB A00631838 05/11/2025 6.00 05/11/2025 Serial